[Event "FBL S"]
[Site "?"]
[Date "2019.01.13"]
[Round "7.2"]
[White "Siegl, Melina"]
[Black "Dellert, Lena"]
[Result "1-0"]
[WhiteElo "2012"]
[BlackElo "1870"]
[Annotator "Rondio,Thomas"]
[PlyCount "63"]
[EventDate "2018.10.27"]
[EventType "team-tourn"]
[EventCountry "GER"]
[WhiteTeam "Stuttgart SV Wolfbusch"]
[BlackTeam "Wadgassen SF"]
[WhiteTeamCountry "GER"]
[BlackTeamCountry "GER"]

{[%evp 0,63,26,34,36,15,32,0,-39,-36,38,-5,-20,-2,-8,-3,34,-34,-19,-54,-44,-60,
-28,-57,-50,-50,13,0,-4,-47,-30,-34,64,37,42,15,93,69,69,-225,44,75,124,149,
190,161,186,186,194,194,178,146,292,256,260,260,260,250,494,386,390,261,306,
306,361,369]} 1. e4 e6 2. d3 d5 3. Nd2 Nf6 4. Ngf3 c5 5. g3 Nc6 6. Bg2 Be7 7.
O-O O-O 8. c3 b5 9. e5 Nd7 10. Re1 Qb6 11. Nf1 a5 12. h4 c4 13. d4 b4 14. Ng5
bxc3 15. bxc3 a4 16. Qg4 Nd8 17. Bf3 f5 18. Qh5 h6 19. Kg2 Nf7 20. Nh3 Nb8 21.
Nf4 Qc6 22. Ne3 Rd8 23. Rb1 Na6 24. g4 fxg4 25. Nxg4 Qe8 26. Nf6+ Bxf6 27. exf6
Nd6 28. Qg4 Nf5 29. Nxd5 Ra7 30. Nf4 Rf7 31. Nh5 Nc7 32. Be4 $138 1-0

[Event "FBL S"]
[Site "?"]
[Date "2019.01.13"]
[Round "7.3"]
[White "Thiery, Jennifer"]
[Black "Leser, Katrin"]
[Result "1/2-1/2"]
[WhiteElo "1812"]
[BlackElo "2006"]
[PlyCount "40"]
[EventDate "2018.10.27"]
[EventType "team-tourn"]
[EventCountry "GER"]
[WhiteTeam "Wadgassen SF"]
[BlackTeam "Stuttgart SV Wolfbusch"]
[WhiteTeamCountry "GER"]
[BlackTeamCountry "GER"]

1. e4 e5 2. Nf3 Nc6 3. Bc4 Bc5 4. c3 Nf6 5. d4 exd4 6. cxd4 Bb4+ 7. Nc3 O-O 8.
d5 Ne7 9. e5 Ne4 10. Qc2 Nxc3 11. bxc3 Ba5 12. O-O d6 13. e6 fxe6 14. Ng5 g6
15. dxe6 d5 16. Bd3 Qd6 17. Qe2 Rf6 18. Bb2 Qf4 19. Bc1 Qd6 20. Bb2 Qf4 1/2-1/2

[Event "FBL S"]
[Site "?"]
[Date "2019.01.13"]
[Round "7.4"]
[White "Ley, Sabrina"]
[Black "Leinenbach, Janine"]
[Result "0-1"]
[WhiteElo "1829"]
[BlackElo "1725"]
[Annotator "Rondio,Thomas"]
[PlyCount "74"]
[EventDate "2018.10.27"]
[EventType "team-tourn"]
[EventCountry "GER"]
[WhiteTeam "Stuttgart SV Wolfbusch"]
[BlackTeam "Wadgassen SF"]
[WhiteTeamCountry "GER"]
[BlackTeamCountry "GER"]

1. e4 e5 2. Nf3 Nc6 3. Bc4 Bc5 4. b4 Bxb4 5. c3 Be7 6. d4 d6 7. Qb3 Na5 8.
Bxf7+ Kf8 9. Qa4 Kxf7 10. Qxa5 exd4 11. cxd4 c6 12. Qa4 h6 13. O-O g5 14. Qb3+
Kg6 15. Bb2 Nf6 16. e5 Nd5 17. Re1 Rf8 18. Nbd2 Qb6 19. Qc2+ Bf5 20. Ne4 Qc7
21. Qd2 Bg4 22. exd6 Bxd6 23. Nxd6 Bxf3 24. Qd3+ Kg7 25. Nf5+ Rxf5 26. Qxf5 Bh5
27. Qe5+ Qxe5 28. dxe5 Kf8 29. Ba3+ Ke8 30. Rec1 Bg6 31. Rc4 Rd8 32. h4 Bf5 33.
hxg5 hxg5 34. g4 Bg6 35. Rd1 Rd7 36. Bc1 Rg7 37. Bxg5 Bf7 $138 0-1

[Event "FBL S"]
[Site "?"]
[Date "2019.01.13"]
[Round "7.6"]
[White "Froehlich, Franziska"]
[Black "Neumann, Tanja"]
[Result "1-0"]
[WhiteElo "1815"]
[BlackElo "1663"]
[PlyCount "63"]
[EventDate "2018.10.27"]
[EventType "team-tourn"]
[EventCountry "GER"]
[WhiteTeam "Stuttgart SV Wolfbusch"]
[BlackTeam "Wadgassen SF"]
[WhiteTeamCountry "GER"]
[BlackTeamCountry "GER"]

1. e4 e5 2. Nf3 Nc6 3. Bb5 a6 4. Ba4 b5 5. Bb3 Nf6 6. O-O Be7 7. d3 O-O 8. c3
d6 9. Re1 Bg4 10. h3 Bh5 11. Nbd2 Qd7 12. Nf1 Nd8 13. Ng3 Bg6 14. d4 exd4 15.
cxd4 c6 16. a4 Nb7 17. Nh4 c5 18. Ngf5 c4 19. Bc2 Rfe8 20. Qf3 Rab8 21. axb5
axb5 22. b3 Bd8 23. bxc4 bxc4 24. Ba4 Qe6 25. Bxe8 Qxe8 26. Bf4 Qd7 27. Reb1
Qc6 28. Bxd6 Rc8 29. Be7 Bxf5 30. Nxf5 g6 31. Bxd8 gxf5 32. Bxf6 1-0